| 000 | 00374nam a2200145Ia 4500 | ||
|---|---|---|---|
| 008 | 230312s9999||||xx |||||||||||||| ||und|| | ||
| 020 | _a978-0071626965 | ||
| 082 |
_a629.13 _bAND-U |
||
| 100 | _aAnderson;David.F | ||
| 245 | 0 | _aUnderstanding Flight | |
| 260 |
_bMcGraw Hill _aUSA _c2010 |
||
| 300 | _a293 | ||
| 650 |
_aAviation _vAviation/Mechanical/Electrical |
||
| 942 | _cBK | ||
| 999 |
_c14260 _d14260 |
||